01074nam a2200301Ia 450000500170000000800410001702000180005804100080007608200180008410000380010224500880014025000180022830000470024649000210029350000590031452100360037365000510040965000390046065000470049970000470054694200120059326400290060533600270063433700330066133800280069404000350072299900150075720220317001806.0170328s2009 m a g 000 0 s  a9789685920827 aspa04a614.575bB29e1 aBeyer Ruiz, María Emiliad1971-13aLa enfermedad del besocMaría Emilia Beyer Ruiz ; ilustraciones de Margarita Sada a1a. edición a35 páginasbilustraciones a colorc25 cm aLa otra escalera aIncluye datos biográficos de la autora e ilustradora aRecomendado desde los 15 años142LEMBaEnfermedades transmisiblesxPrevención142LEMBaVirusxEnseñanza elemental142LEMBaMononucleosisxEnseñanza elemental1 aSada, Margaritad1966-eilustradora990923 2ddccBK aMéxicobCastilloc2009 atextobtxt2rdacontent asin mediaciónbn2rdamedia avolumenbnc2rdacarrier aCO-BoRNBPbspaerdacCO-BoRNBP c8115d8115